|
|
|
|
| LEADER |
02705nam a2200649 i 4500 |
| 001 |
nkc20253680418 |
| 003 |
CZ PrNK |
| 005 |
20250519143805.0 |
| 007 |
ta |
| 008 |
250402s2024 xr abehe 000 0 cze |
| 015 |
|
|
|a cnb003680418
|
| 020 |
|
|
|a 978-80-7673-115-8
|q (Česká geologická služba ;
|q vázáno)
|
| 035 |
|
|
|a (OCoLC)1519101238
|
| 040 |
|
|
|a BOA001
|b cze
|d ABA001
|e rda
|
| 043 |
|
|
|a e-xr---
|b e-xr-jm
|2 czenas
|
| 072 |
|
7 |
|a 551
|x Geologie. Meteorologie. Klimatologie
|2 Konspekt
|9 7
|
| 080 |
|
|
|a [551.43+552]-025.25
|2 MRF
|
| 080 |
|
|
|a 502.21(1-751.4)
|2 MRF
|
| 080 |
|
|
|a 55
|2 MRF
|
| 080 |
|
|
|a (437.322)
|2 MRF
|
| 080 |
|
|
|a (048.8)
|2 MRF
|
| 080 |
|
|
|a (084.12)
|2 MRF
|
| 100 |
1 |
|
|a Kubalíková, Lucie,
|d 1982-
|7 mzk2013748995
|4 aut
|
| 245 |
1 |
0 |
|a Geodiverzita města Brna /
|c Lucie Kubalíková, Karel Kirchner, František Kuda, Eva Nováková, David Buriánek, Aleš Bajer, Marie Balková, Vít Baldík, Jiří Rez
|
| 264 |
|
1 |
|a [Brno] :
|b Ústav geoniky AV ČR, v.v.i. ;
|a [Praha] :
|b Česká geologická služba,
|c 2024
|
| 300 |
|
|
|a 207 stran :
|b ilustrace (převážně barevné), mapy, plány, faksimile ;
|c 25 cm
|
| 336 |
|
|
|a text
|b txt
|2 rdacontent
|
| 336 |
|
|
|a statický obraz
|b sti
|2 rdacontent
|
| 337 |
|
|
|a bez média
|b n
|2 rdamedia
|
| 338 |
|
|
|a svazek
|b nc
|2 rdacarrier
|
| 500 |
|
|
|a 200 výtisků
|
| 504 |
|
|
|a Obsahuje bibliografii
|
| 650 |
0 |
7 |
|a geodiverzita
|7 ph909692
|z Česko
|2 czenas
|
| 650 |
0 |
7 |
|a přírodní památky
|7 ph137870
|z Česko
|2 czenas
|
| 650 |
0 |
9 |
|a geodiversity
|z Czechia
|2 eczenas
|
| 650 |
0 |
9 |
|a natural monuments
|z Czechia
|2 eczenas
|
| 651 |
|
7 |
|a Brno (Česko)
|7 ge134084
|x geologické poměry
|2 czenas
|
| 651 |
|
9 |
|a Brno (Czechia)
|x geological conditions
|2 eczenas
|
| 655 |
|
7 |
|a přehledy
|7 fd133202
|2 czenas
|
| 655 |
|
7 |
|a fotografické publikace
|7 fd132276
|2 czenas
|
| 655 |
|
9 |
|a surveys
|2 eczenas
|
| 655 |
|
9 |
|a photographical works
|2 eczenas
|
| 700 |
1 |
|
|a Kirchner, Karel,
|d 1951-
|7 ola2003206192
|4 aut
|
| 700 |
1 |
|
|a Kuda, František,
|d 1983-
|7 hka2017943667
|4 aut
|
| 700 |
1 |
|
|a Nováková, Eva
|7 ola20181006629
|4 aut
|
| 700 |
1 |
|
|a Buriánek, David,
|d 1974-
|7 xx0088792
|4 aut
|
| 700 |
1 |
|
|a Bajer, Aleš,
|d 1975-
|7 mzk2004237251
|4 aut
|
| 700 |
1 |
|
|a Balková, Marie
|7 ola20201078032
|4 aut
|
| 700 |
1 |
|
|a Baldík, Vít
|7 xx0270474
|4 aut
|
| 700 |
1 |
|
|a Rez, Jiří,
|d 1979-
|7 mub2011664133
|4 aut
|
| 910 |
2 |
|
|a BOA001
|b 2-1541.765
|
| 928 |
9 |
|
|a Akademie věd České republiky, Ústav geoniky
|
| 990 |
|
|
|a BK
|
| 995 |
|
|
|a 01
|
| 991 |
|
|
|b 202504
|c NOV
|
| 996 |
6 |
|
|b 2611000100
|c 2-1541.765
|l MZK
|r Sklad / do 1 hodiny
|n 1
|p p.v.
|w 002001382
|u 000010
|a 1
|e BOA001
|j MZK50
|s P
|
| 996 |
7 |
|
|b 2611000101
|c 2-1541.765
|l MZK
|r Sklad / do 1 hodiny
|n 0
|p p.v.
|w 002001382
|u 000020
|a 1
|e BOA001
|j MZK50
|s A
|